Holiday Quiz

Random Holiday or Christmas Quiz

Christmas Song Snippets Quiz Stats

 Plays Quiz Updated Nov 30, 2012

Challenge
Share
Tweet
Embed
Score 0/42 Timer 12:00
2 Plays Today
Snippet Song % Correct
one-horse open sleighJingle Bells
90.1%
checking it twiceSanta Claus Is Coming to Town
86.3%
no crib for a bedAway in a Manger
80.9%
five golden ringsTwelve Days of Christmas
78.6%
corn cob pipeFrosty the Snowman
71.7%
fire is so delightfulLet It Snow!
71.3%
round yon virginSilent Night
69.7%
we traverse afarWe Three Kings
66.3%
mix and mingleJingle Bell Rock
65.9%
figgy puddingWe Wish You a Merry Christmas
65.7%
Santa Claus laneHere Comes Santa Claus
63.3%
heaven and nature singJoy to the World
62.8%
prospero añoFeliz Navidad
62.3%
as for me and GrandpaGrandma Got Run Over By a Reindeer
61%
hap-happiest season of allIt's the Most Wonderful Time of the Year
58.4%
fall on your kneesO Holy Night
58.1%
gay apparelDeck the Halls
57.8%
parson brownWinter Wonderland
57.5%
foggy Christmas EveRudolph the Red-Nosed Reindeer
56.5%
city sidewalksSilver Bells
55.5%
oh by gollyHave a Holly Jolly Christmas
54.7%
Snippet Song % Correct
if only in my dreamsI'll Be Home For Christmas
54.1%
hurry down the chimneySanta Baby
52.8%
joyful and triumphantO Come All Ye Faithful
52.7%
every Christmas card I writeWhite Christmas
49.4%
voices singing 'Let's be jolly'Rockin' Around the Christmas Tree
49%
from one to ninety-twoThe Christmas Song
48.4%
angelic host proclaimHark! The Herald Angels Sing
46.8%
the angel did sayThe First Noel
45.5%
the ox and lamb kept timeLittle Drummer Boy
41%
tidings of comfort and joyGod Rest Ye Merry Gentlemen
39.8%
voice as big as the seaDo You Hear What I Hear?
38.9%
if the Fates allowHave Yourself a Merry Little Christmas
35.7%
friends are calling yoo-hooSleigh Ride
32.2%
echoing their joyous strainsAngels We Have Heard on High
31.5%
toys in every storeIt's Beginning To Look a Lot Like Christmas
31.2%
ransom captive IsraelO Come, O Come, Emmanuel
30.5%
the traffic is terrific(There's No Place Like) Home For the Holidays
28.9%
deep and dreamless sleepO Little Town of Bethlehem
28.7%
hark! how the bellsCarol of the Bells
27.8%
haste to bring him laudWhat Child Is This?
22%
touch their harps of goldIt Came Upon a Midnight Clear
18.8%

You're not logged in!

Compare scores with friends on all Sporcle quizzes.
OR
Log In

You Might Also Like...

Show Comments

Extras

Top Quizzes Today


Score Distribution

Your Account Isn't Verified!

In order to create a playlist on Sporcle, you need to verify the email address you used during registration. Go to your Sporcle Settings to finish the process.

Report this User

Report this user for behavior that violates our Community Guidelines.

Details: